KOHA-Header-6

Misali Ustad (Record no. 9433)

000 -LEADER
fixed length control field 00265nam a2200109Ia 4500
100 ## - MAIN ENTRY--AUTHOR NAME
Personal name Moulana Muhammad Hanif
245 #0 - TITLE STATEMENT
Title Misali Ustad
260 ## - PUBLICATION, DISTRIBUTION, ETC. (IMPRINT)
Place of publication Karachi
Name of publisher Bait-ul-alam Trust
Year of publication 2004
300 ## - PHYSICAL DESCRIPTION
Number of Pages 675
942 ## - ADDED ENTRY ELEMENTS (KOHA)
Koha item type Books
Holdings
Withdrawn status Lost status Collection code Permanent Location Current Location Shelving location Date acquired Full call number Accession Number Koha item type
    Urdu Literature MAJU MAJU   2019-09-14 658.15 5179 Urdu Literature

Powered by Koha